01012 2200313 4500001002100000005001500021035002000036007000300056008004100059020002200100082001700122084001900139100003300158245011500191250003200306300005200338650002900390700003800419264003400457336002100491337003000512338002300542040002200565090002200587850001200609504003300621999002200654990002200676INLIS00000000088695120240529123148 a0010-0524000782ta240529s2024 yoia g ind d a978-623-261-723-004223a956.9405 a956.9405 YUS s0 aYusuf Idrus MalikePengarang10aSejarah konflik dan peristiwa panjang Israel-Palestina /cYusuf Idrus Malik; penyunting, Adinda Daffa Aprilian aCetakan pertama, Maret 2024 axxii, 144 halaman :bilustrasi, gambar ;c20 cm 4aSejarah Israel-Palestina0 aAdinda Daffa AprilianePenyunting31aBantul :bSamudra Biru,c2024 2rdacontentateks 2rdamediaatanpa perantara 2rdacarrieravolume aYOPDYOGbinderda aCB-D.11 2024-0743 aYOPDYOG aBibliografi: halaman 133-142 aCB-D.11/2024-0743 aCB-D.11/2024-0743